000 00364nam a22001697a 4500
003 UA-OsUOA
001 4495
007 ta
008 20050721b un ||||| |||| 00| 0 ukr d
100 _aBachmann
700 _aAlbert
942 _cBK
040 _aUA-OsUOA
_cUA-OsUOA
_dUA-OsUOA
245 _aMittelhochdeutsches Lesebuch.
_bGerman
955 _a2
650 7 _2UDC
999 _c290657
_d290657